[Event "Druzynowe Mistrzostwa Polski w Szachach I LIGA 2021"]
[Site "Szklarska Poreba"]
[Date "1899-12-30"]
[Round "2.23"]
[White "Gesicki, Jacek"]
[Black "Golecki, Jan"]
[Result "1-0"]
[WhiteTitle "FM"]
[BlackTitle "k"]
[WhiteElo "2166"]
[BlackElo "2249"]

1. e4 e5 2. Nf3 Nc6 3. Bb5 a6 4. Ba4 Nf6 5. d3 b5 6. Bb3 Bc5 7. O-O d6 8. c3 Bg4
9. Re1 O-O 10. h3 Bh5 11. Bg5 Na5 12. Bc2 Bb6 13. b4 Nb7 14. g4 Bg6 15. Bb3 Qe7
16. a4 Rab8 17. axb5 axb5 18. Na3 c6 19. c4 Nd8 20. cxb5 cxb5 21. Nxb5 Ne6 22.
Bxe6 Qxe6 23. Bxf6 Qxf6 24. Nc3 Bd8 25. Nd5 Qe6 26. Qd2 h6 27. Ra7 Kh8 28. Ne3
Qb3 29. Ra6 Rxb4 30. Rxd6 f6 31. Nd5 Ra4 32. Nh4 Bf7 33. Qd1 Qa3 34. Rd7 Rd4 35.
Re3 g6 36. Qc2 f5 37. Rxd8 Rxd8 38. Qc7 Qf8 39. gxf5 gxf5 40. Qxe5+ Qg7+ 41. Qxg7+
Kxg7 42. Nxf5+ Kh7 43. Nxd4 Rg8+ 44. Rg3 Rg4 1-0

[Event "Druzynowe Mistrzostwa Polski w Szachach I LIGA 2021"]
[Site "Szklarska Poreba"]
[Date "1899-12-30"]
[Round "2.24"]
[White "Moscicka, Pola"]
[Black "Trybowska, Barbara"]
[Result "1/2-1/2"]
[WhiteTitle "k++"]
[BlackTitle "I++"]
[WhiteElo "1916"]
[BlackElo "1806"]

1. d4 Nf6 2. c4 e6 3. g3 d5 4. Bg2 dxc4 5. Nf3 a6 6. Qc2 b5 7. Ne5 Nd5 8. O-O Bb7
9. a3 Nd7 10. Nxd7 Qxd7 11. e4 Nb6 12. Be3 Be7 13. Nd2 O-O 14. Rad1 Rad8 15. f4
Qc8 16. Bh3 Qa8 17. f5 exf5 18. Bxf5 Bc8 19. Bxc8 Qxc8 20. Nf3 Qe6 21. Rfe1 f6
22. d5 Qg4 23. Nd4 Rfe8 24. Ne6 Rd7 25. Nxc7 Rxc7 26. Bxb6 Rb7 27. Bd4 Bd6 28.
Qe2 Qg6 29. Qf3 1/2-1/2

[Event "Druzynowe Mistrzostwa Polski w Szachach I LIGA 2021"]
[Site "Szklarska Poreba"]
[Date "1899-12-30"]
[Round "2.25"]
[White "Klekowski, Maciej"]
[Black "Maciejczak, Jakub"]
[Result "1-0"]
[WhiteTitle "GM"]
[BlackTitle "FM"]
[WhiteElo "2510"]
[BlackElo "2363"]

1. c4 g6 2. d4 Bg7 3. Nc3 d6 4. Nf3 c6 5. g3 a6 6. Bg2 b5 7. O-O bxc4 8. Qa4 Nf6
9. Qxc4 O-O 10. e4 Nfd7 11. Re1 a5 12. Qe2 Na6 13. Bg5 h6 14. Be3 Rb8 15. Rad1
Nb6 16. b3 Nc7 17. Rc1 Bg4 18. Qd2 Kh7 19. Ne2 a4 20. Rxc6 axb3 21. axb3 Bd7 22.
Rc2 d5 23. e5 Bf5 24. Rc3 Qd7 25. Rec1 Rb7 26. Nh4 Be6 27. Nf4 Rfb8 28. Qc2 1-0

[Event "Druzynowe Mistrzostwa Polski w Szachach I LIGA 2021"]
[Site "Szklarska Poreba"]
[Date "1899-12-30"]
[Round "2.26"]
[White "Kucza, Karol"]
[Black "Seemann, Jakub"]
[Result "1/2-1/2"]
[WhiteTitle "FM"]
[BlackTitle "FM"]
[WhiteElo "2322"]
[BlackElo "2294"]

1. e4 c5 2. Nf3 d6 3. d4 cxd4 4. Nxd4 Nf6 5. Nc3 Nc6 6. Bg5 e6 7. Qd2 a6 8. O-O-O
Bd7 9. f4 b5 10. Bxf6 gxf6 11. Kb1 Qb6 12. Nxc6 Bxc6 13. f5 b4 14. Ne2 e5 15.
Ng3 h5 16. h4 Qc5 17. b3 Ke7 18. Bc4 Bh6 19. Qe2 Be3 20. Rd3 Bd4 21. Nxh5 Qa5
22. Rxd4 exd4 23. Nf4 Rac8 24. g4 Bb5 25. Nd5+ Kd8 26. Bd3 Rc5 27. Bxb5 axb5 28.
Qd2 Kd7 29. Nxf6+ Kc6 30. Nd5 Kb7 31. Qxd4 Ra8 32. Nxb4 Rc4 33. Qd5+ Kc8 34. Rd1
Rxb4 35. Qc6+ Kd8 36. a4 Qxa4 37. Qxd6+ Ke8 38. Qe5+ 1/2-1/2

[Event "Druzynowe Mistrzostwa Polski w Szachach I LIGA 2021"]
[Site "Szklarska Poreba"]
[Date "1899-12-30"]
[Round "2.27"]
[White "Barski, Radoslaw"]
[Black "Janaszak, Dawid"]
[Result "1-0"]
[WhiteTitle "IM"]
[BlackTitle "FM"]
[WhiteElo "2442"]
[BlackElo "2348"]

1. e4 e5 2. Nf3 Nc6 3. Bc4 Nf6 4. d3 Bc5 5. O-O d6 6. c3 a6 7. a4 Ba7 8. Re1 O-O
9. h3 h6 10. Nbd2 Ne7 11. Nf1 Ng6 12. Ng3 c6 13. Bb3 Re8 14. d4 Be6 15. Bc2 Qc7
16. Be3 Rad8 17. Qc1 Kh7 18. a5 Ng8 19. Nf5 c5 20. d5 Bc8 21. g4 N6e7 22. c4 b5
23. axb6 Bxb6 24. Bd2 f6 25. Ra3 Ng6 26. Kh2 Kh8 27. Rg1 Rf8 28. h4 Rf7 29. h5
Nf8 30. N3h4 Bxf5 31. gxf5 Kh7 32. Rxa6 Qb7 33. Qa1 Nd7 34. Rg3 Ne7 35. Ng6 Nb8
36. Raa3 Nc8 37. Rgb3 1-0

[Event "Druzynowe Mistrzostwa Polski w Szachach I LIGA 2021"]
[Site "Szklarska Poreba"]
[Date "1899-12-30"]
[Round "2.28"]
[White "Dudzinski, Piotr"]
[Black "Karolczuk, Iwo"]
[Result "1/2-1/2"]
[WhiteTitle "FM"]
[BlackTitle "k+"]
[WhiteElo "2321"]
[BlackElo "2383"]

1. e4 c5 2. c3 d5 3. exd5 Qxd5 4. d4 g6 5. Nf3 Bg7 6. Be3 cxd4 7. cxd4 Qa5+ 8.
Nc3 Nh6 9. Qd2 Nf5 10. Nb5 Qd8 11. Bf4 Na6 12. Rc1 O-O 13. Be2 Be6 14. a3 Bb3
15. O-O Qb6 16. g4 Nd6 17. Nxd6 exd6 18. Bc4 Bxc4 19. Rxc4 Qb5 20. Rc3 Qd5 21.
Re1 Nb8 22. Qd3 Nc6 23. Qc4 Qxc4 24. Rxc4 d5 25. Rc2 Rfe8 26. Rxe8+ Rxe8 27. Be3
Re4 1/2-1/2

[Event "Druzynowe Mistrzostwa Polski w Szachach I LIGA 2021"]
[Site "Szklarska Poreba"]
[Date "1899-12-30"]
[Round "2.29"]
[White "Przewoznik, Jan"]
[Black "Skurniak, Szymon"]
[Result "1/2-1/2"]
[WhiteTitle "IM"]
[BlackTitle "k"]
[WhiteElo "2309"]
[BlackElo "2080"]

1. d4 Nf6 2. Bf4 c5 3. e3 d5 4. dxc5 e6 5. b4 a5 6. c3 axb4 7. cxb4 Bd7 8. Nc3
b6 9. Nb5 Na6 10. Nd6+ Bxd6 11. cxd6 Nxb4 12. Qb3 Ra4 13. Nf3 Qc8 14. Bd3 Nxd3+
15. Qxd3 Qa6 16. Qxa6 Rxa6 17. O-O Ne4 18. Rfc1 f6 19. Rc7 b5 20. Rb7 Rf8 21.
Rc1 e5 22. Bxe5 fxe5 23. Rb8+ Kf7 24. Nxe5+ Ke6 25. Nxd7 Rxf2 26. Nc5+ Nxc5 27.
Rxc5 Raxa2 28. d7 Rxg2+ 29. Kf1 Rgf2+ 30. Kg1 Rfd2 31. d8=N+ Kf5 32. Rc1 Rg2+
33. Kf1 Rxh2 34. Kg1 Rhg2+ 35. Kf1 Rh2 36. Kg1 Kg4 37. e4 Rhg2+ 38. Kf1 Rh2 39.
Kg1 Rag2+ 40. Kf1 dxe4 41. Rxb5 Rd2 42. Kg1 Rhg2+ 43. Kh1 Rh2+ 44. Kg1 Rdg2+ 45.
Kf1 Rf2+ 46. Kg1 e3 47. Rc4+ Kf3 48. Rf5+ Ke2 49. Rc2+ Ke1 50. Rcxf2 Rxf2 51.
Re5 Rf1+ 52. Kg2 e2 53. Rd5 Rf6 54. Nb7 Rg6+ 55. Kh2 Kf2 56. Rf5+ Ke3 57. Re5+
Kd2 58. Rd5+ Kc1 59. Rc5+ Kd2 60. Rd5+ Kc2 61. Re5 Kd3 62. Nc5+ Kd4 63. Nd7 Kd3
64. Nc5+ Kd2 65. Rd5+ Ke3 66. Re5+ Kd4 67. Nd7 Kxe5 1/2-1/2

[Event "Druzynowe Mistrzostwa Polski w Szachach I LIGA 2021"]
[Site "Szklarska Poreba"]
[Date "1899-12-30"]
[Round "2.30"]
[White "Czerwinska, Milena"]
[Black "Marcinczyk, Monika"]
[Result "0-1"]
[WhiteTitle "WFM"]
[BlackTitle "WCM"]
[WhiteElo "1983"]
[BlackElo "1982"]

1. e4 e5 2. Nf3 Nc6 3. d4 exd4 4. Nxd4 Nf6 5. Nc3 Nxe4 6. Nxe4 Qe7 7. Nb5 Qxe4+
8. Be2 Bb4+ 9. c3 Ba5 10. O-O O-O 11. Bd3 Qh4 12. g3 Qf6 13. Qc2 h6 14. Bf4 d6
15. Be4 Ne5 16. Nd4 c6 17. Rad1 Re8 18. Bg2 Bg4 19. f3 Bh5 20. Qf5 Qxf5 21. Nxf5
d5 22. Be3 Nc4 23. Bd4 Bb6 24. b3 Bxd4+ 25. Rxd4 Nb6 26. Kf2 Bg6 27. Nh4 Bh7 28.
f4 a5 29. Re1 Rxe1 30. Kxe1 Bb1 31. Rd2 a4 32. Rb2 Bd3 33. Kd2 a3 34. Rc2 Bxc2
35. Kxc2 Re8 36. Kd2 c5 37. Nf5 Rd8 38. Ne3 c4 39. b4 Kf8 40. Nc2 Ke7 41. Bf3
Nd7 42. Nxa3 Ra8 43. Nb5 Rxa2+ 44. Ke3 Nf6 45. h3 g5 46. Nd4 Ra3 47. Nb5 Ra1 48.
Nd4 Ne4 49. Nf5+ Kf6 50. Nxh6 gxf4+ 51. gxf4 Nxc3 52. Kd4 Ra3 53. Bg4 b5 54. Ng8+
Kg7 55. Ne7 Na2 56. Nxd5 Rd3+ 57. Ke4 Rb3 58. h4 Nxb4 59. Ne3 c3 60. Bd1 Rb2 61.
Nf5+ Kh7 0-1

[Event "Druzynowe Mistrzostwa Polski w Szachach I LIGA 2021"]
[Site "Szklarska Poreba"]
[Date "1899-12-30"]
[Round "2.31"]
[White "Kosakowski, Jakub"]
[Black "Marczuk, Dominik"]
[Result "1-0"]
[WhiteTitle "IM"]
[BlackTitle "FM"]
[WhiteElo "2445"]
[BlackElo "2280"]

1. e4 e6 2. d4 d5 3. Nc3 Bb4 4. e5 c5 5. a3 Bxc3+ 6. bxc3 Qa5 7. Bd2 Qa4 8. Qg4
Kf8 9. Nf3 Nc6 10. Be2 Qxc2 11. dxc5 Nge7 12. Rd1 h6 13. Nd4 Nxd4 14. cxd4 Qe4
15. Qxe4 dxe4 16. f3 e3 17. Bxe3 Nd5 18. Bd2 Bd7 19. Kf2 Ke7 20. g4 Bc6 21. h4
Kd7 22. h5 Raf8 23. Kg3 Rb8 24. Rb1 b6 25. Rhc1 bxc5 26. dxc5 Ba4 27. f4 Kc6 28.
Bf3 Rhc8 29. Rb4 Rxb4 30. axb4 Bb5 31. f5 Rd8 32. Re1 Kc7 33. f6 g5 34. hxg6 Nxf6
35. exf6 1-0

[Event "Druzynowe Mistrzostwa Polski w Szachach I LIGA 2021"]
[Site "Szklarska Poreba"]
[Date "1899-12-30"]
[Round "2.32"]
[White "Chmiel, Marcin"]
[Black "Pacan-milej, Kosma"]
[Result "0-1"]
[WhiteTitle "k+"]
[BlackTitle "FM"]
[WhiteElo "2232"]
[BlackElo "2401"]

1. c4 Nf6 2. g3 e6 3. Bg2 d5 4. Nf3 d4 5. e3 c5 6. exd4 cxd4 7. O-O Nc6 8. Re1
Bd6 9. d3 h6 10. b3 O-O 11. Ba3 e5 12. c5 Bc7 13. Nbd2 Re8 14. b4 a6 15. Nc4 Bf5
16. Nh4 Bh7 17. Bh3 e4 18. Nf5 Ne5 19. Nxe5 Rxe5 20. dxe4 Nxe4 21. f4 Nc3 22.
Qd3 Bxf5 23. Bxf5 Rxf5 24. Qxf5 d3 25. Re3 d2 26. Rd3 Qe8 27. Rf1 d1=Q 28. Rfxd1
Nxd1 29. Qh3 Rd8 30. Qf1 Rxd3 31. Qxd3 Qe1+ 32. Kg2 Qf2+ 33. Kh3 Ne3 34. Qe4 Qf1+
35. Kh4 Bd8+ 36. Kh5 Qh3# 0-1

[Event "Druzynowe Mistrzostwa Polski w Szachach I LIGA 2021"]
[Site "Szklarska Poreba"]
[Date "1899-12-30"]
[Round "2.33"]
[White "Olsen, Filip Boe"]
[Black "Gbyl, Andrzej"]
[Result "0-1"]
[WhiteTitle "IM"]
[BlackTitle "k+"]
[WhiteElo "2378"]
[BlackElo "2204"]

1. d4 Nf6 2. c4 g6 3. Nc3 Bg7 4. e4 d6 5. h3 O-O 6. Nf3 e5 7. d5 Nh5 8. g3 f5 9.
exf5 gxf5 10. Nh4 Nf6 11. Be3 f4 12. Bd2 Na6 13. Be2 c6 14. Qc2 Nb4 15. Qb3 a5
16. O-O-O cxd5 17. cxd5 Qb6 18. gxf4 Qxf2 19. fxe5 Nd7 20. e6 Qxh4 21. exd7 Bxd7
22. a3 Bf5 23. Rdf1 Bg6 24. Rxf8+ Rxf8 25. Rg1 Qd4 26. Rxg6 hxg6 27. axb4 axb4
28. Nb5 Rc8+ 29. Kd1 Qg1+ 30. Be1 Bh6 31. Bc4 Qc5 32. Qd3 Qxc4 33. Qxg6+ Bg7 34.
Qe6+ Kh8 35. Bd2 Qf1+ 36. Be1 Qd3+ 37. Bd2 Rf8 38. Qe2 Rf1+ 0-1

[Event "Druzynowe Mistrzostwa Polski w Szachach I LIGA 2021"]
[Site "Szklarska Poreba"]
[Date "1899-12-30"]
[Round "2.34"]
[White "Golda, Sebastian"]
[Black "Maksimenko, Andrei"]
[Result "0-1"]
[WhiteTitle "k"]
[BlackTitle "GM"]
[WhiteElo "2053"]
[BlackElo "2460"]

1. e4 c5 2. Nf3 d6 3. d4 cxd4 4. Nxd4 Nf6 5. Nc3 a6 6. Nb3 e6 7. g4 b5 8. Bg2 Bb7
9. g5 Nfd7 10. f4 Be7 11. h4 b4 12. Ne2 Nc6 13. Ned4 O-O 14. Nxc6 Bxc6 15. Nd4
Bb7 16. Qe2 Rc8 17. Be3 Nc5 18. Bf2 f5 19. gxf6 Rxf6 20. Bg3 Rg6 21. Rh3 Rxg3
22. Rxg3 Bxh4 23. Kf2 e5 24. fxe5 Bxg3+ 25. Kxg3 Qg5+ 26. Kh3 Qh6+ 27. Kg3 Qg5+
28. Kh3 dxe5 29. Nf5 Ne6 30. Rf1 Nf4+ 31. Rxf4 exf4 32. Kh2 g6 33. Nd6 Qe5 34.
Qd3 f3+ 35. Kg1 Qc5+ 36. Kh2 Qe5+ 37. Kg1 Qc5+ 38. Kh2 fxg2 39. Qb3+ Bd5 40. Qxd5+
Qxd5 41. exd5 Rxc2 42. Ne4 0-1

[Event "Druzynowe Mistrzostwa Polski w Szachach I LIGA 2021"]
[Site "Szklarska Poreba"]
[Date "1899-12-30"]
[Round "2.35"]
[White "Jakubiec, Artur"]
[Black "Warchol, Bartosz"]
[Result "1-0"]
[WhiteTitle "GM"]
[BlackTitle "I++"]
[WhiteElo "2438"]
[BlackElo "1897"]

1. e4 e5 2. Nf3 Nc6 3. Bc4 Bc5 4. d3 Nf6 5. Bb3 d6 6. c3 a6 7. Nbd2 Ba7 8. h3 h6
9. Nf1 Be6 10. Ng3 O-O 11. O-O Re8 12. Bxe6 Rxe6 13. Nf5 d5 14. Bxh6 gxh6 15.
Nxh6+ Kf8 16. Ng5 dxe4 17. Nhxf7 Qxd3 18. Nxe6+ Kxf7 19. Qb3 Qd5 20. Ng5+ Ke7
21. Qxb7 Rd8 22. Rae1 Bb6 23. Qxa6 Na5 24. Qe2 e3 25. fxe3 e4 26. h4 Nc4 27. Qf2
Qe5 28. Nxe4 Bxe3 29. Rxe3 Nxe3 30. Qxe3 Nxe4 31. Re1 1-0

[Event "Druzynowe Mistrzostwa Polski w Szachach I LIGA 2021"]
[Site "Szklarska Poreba"]
[Date "1899-12-30"]
[Round "2.36"]
[White "Dylag, Emilia"]
[Black "Kubicka, Anna"]
[Result "0-1"]
[WhiteTitle "WFM"]
[BlackTitle "WIM"]
[WhiteElo "2065"]
[BlackElo "2274"]

1. d4 Nf6 2. c4 c5 3. d5 b5 4. cxb5 a6 5. bxa6 e6 6. dxe6 fxe6 7. e3 d5 8. Nf3
Be7 9. Bb5+ Bd7 10. Bxd7+ Nbxd7 11. O-O Rxa6 12. Nbd2 Qa8 13. a3 O-O 14. Re1 c4
15. Qc2 Nc5 16. Re2 Qb8 17. h3 Rb6 18. Nd4 Qe5 19. N4f3 Qh5 20. Nf1 Nfe4 21. N1h2
Bd6 22. Ra2 Nd3 23. Bd2 Bxh2+ 24. Kxh2 Rxf3 25. gxf3 Ng5 26. Kg1 Qxh3 0-1

[Event "Druzynowe Mistrzostwa Polski w Szachach I LIGA 2021"]
[Site "Szklarska Poreba"]
[Date "1899-12-30"]
[Round "2.37"]
[White "Lubczynski, Rafal"]
[Black "Kovalenko, Igor"]
[Result "0-1"]
[WhiteTitle "IM"]
[BlackTitle "GM"]
[WhiteElo "2429"]
[BlackElo "2651"]

1. d4 Nf6 2. Nf3 e6 3. c4 d5 4. g3 Be7 5. Bg2 O-O 6. O-O c6 7. Qc2 b6 8. Rd1 a5
9. Nbd2 Na6 10. e4 Bb7 11. Ne5 Rc8 12. b3 Nb4 13. Qb1 Qc7 14. a3 Na6 15. Bb2 Rfd8
16. exd5 cxd5 17. h3 Bd6 18. f4 a4 19. Rc1 dxc4 20. bxc4 Bxg2 21. Kxg2 Qb7+ 22.
Ndf3 Bxe5 23. fxe5 Ne4 24. Kh2 Nac5 25. Re1 Nc3 26. Bxc3 Qxf3 27. Qc2 Nb3 28.
Rf1 Qb7 29. Qd3 Nxa1 30. Bxa1 Rd7 31. Rb1 Qa6 32. Rb5 Rdc7 33. c5 bxc5 34. dxc5
h6 35. Bd4 Rb7 36. Rb3 Qxd3 37. Rxd3 Rd7 0-1

[Event "Druzynowe Mistrzostwa Polski w Szachach I LIGA 2021"]
[Site "Szklarska Poreba"]
[Date "1899-12-30"]
[Round "2.38"]
[White "Neiksans, Arturs"]
[Black "Chojnacki, Krzysztof"]
[Result "1-0"]
[WhiteTitle "GM"]
[BlackTitle "IM"]
[WhiteElo "2565"]
[BlackElo "2377"]

1. e4 d6 2. d4 Nf6 3. Nc3 g6 4. Be3 Bg7 5. Qd2 c6 6. Bh6 Bxh6 7. Qxh6 e5 8. Nf3
Qe7 9. dxe5 dxe5 10. a4 Nbd7 11. Bc4 Nb6 12. Bb3 Be6 13. a5 Nbd7 14. Bxe6 Qxe6
15. O-O Ng4 16. Qh4 Ngf6 17. Rfd1 O-O-O 18. Ne1 Qg4 19. Qxg4 Nxg4 20. Nd3 Rhe8
21. b4 a6 22. Na4 f5 23. Re1 Ngf6 24. f3 Kc7 25. Rad1 fxe4 26. fxe4 Nf8 27. Ndc5
Rxd1 28. Rxd1 N6d7 29. Rf1 Re7 30. Nb6 Nxc5 31. Rxf8 Nxe4 32. c4 Nd6 33. Ra8 Re8
34. c5 Nc8 35. Kf2 Rg8 36. Ke3 Ne7 37. Ke4 Rxa8 38. Nxa8+ Kd8 39. Nb6 Nf5 40.
Nc4 Nd4 41. Kxe5 Nc2 42. Kf6 Nxb4 43. Kg7 Nd3 44. Kxh7 Ke7 45. Kxg6 Nf4+ 46. Kg5
Nxg2 47. h4 Ne1 48. Nd6 Nf3+ 49. Kg4 Nd2 50. Kf5 Nb3 51. Nxb7 Nd4+ 52. Kg6 Ne6
53. h5 Nf4+ 54. Kg5 Nd3 55. Kf5 1-0

[Event "Druzynowe Mistrzostwa Polski w Szachach I LIGA 2021"]
[Site "Szklarska Poreba"]
[Date "1899-12-30"]
[Round "2.39"]
[White "Raczynski, Krzysztof"]
[Black "Kolosowski, Mateusz"]
[Result "0-1"]
[WhiteTitle "k+"]
[BlackTitle "IM"]
[WhiteElo "2193"]
[BlackElo "2448"]

1. d4 Nf6 2. Bf4 d5 3. e3 c5 4. c3 Qb6 5. Qb3 c4 6. Qc2 g6 7. Nd2 Bf5 8. Qc1 Bg7
9. Ngf3 O-O 10. Be2 Nc6 11. O-O Nd7 12. e4 dxe4 13. Nxc4 Qa6 14. Nfd2 e5 15. dxe5
Ndxe5 16. Nxe5 Qxe2 17. Nxc6 bxc6 18. Re1 Qd3 19. Nb3 Rfe8 20. Qe3 Qa6 21. h3
Rad8 22. Qe2 Qa4 23. Nc5 Qb5 24. Qxb5 cxb5 25. Nb7 Rd5 26. Nd6 Rd8 27. Nxe4 h6
28. Rac1 g5 29. Bg3 Bg6 30. f4 b4 31. fxg5 hxg5 32. Bf2 bxc3 33. Nxc3 Rd2 34.
Bxa7 Rxb2 35. Be3 Rd3 36. Nd1 Rxa2 37. Nf2 Rd5 38. g4 Rb5 39. Rc5 Rbb2 40. Rd5
Kh7 41. Red1 Re2 42. Bc5 Be5 43. Nd3 Bh2+ 44. Kf1 Be4 45. Nf2 Bxd5 46. Rxd5 Bg3
47. Rf5 Kg6 48. Bd4 Re6 49. Rf3 Bc7 50. Nd3 f6 51. Bf2 Rc6 52. Kg2 Bd6 53. Kf1
Rc4 54. Be1 Re4 55. Bc3 Be7 56. Be1 Kf7 57. Bc3 Rc2 58. Be1 Ke6 59. Bg3 Ra2 60.
Bf2 Bd6 61. Be1 Rc2 62. Bf2 Ra4 63. Kg2 Ra3 64. Kf1 Kd5 65. Rf5+ Ke4 66. Ne1 Rd2
67. Rxf6 Rxh3 68. Re6+ Kd5 69. Re8 Rh1+ 70. Bg1 Bf4 71. Nf3 Ra2 72. Re7 Rh3 73.
Ne1 Rg3 74. Bf2 Rxg4 75. Nd3 Bd6 76. Rd7 Ke6 77. Rd8 Rd2 78. Re8+ Kd7 79. Re3
Rd4 80. Ne1 g4 81. Ng2 Ra4 82. Rb3 Raa2 0-1

[Event "Druzynowe Mistrzostwa Polski w Szachach I LIGA 2021"]
[Site "Szklarska Poreba"]
[Date "1899-12-30"]
[Round "2.40"]
[White "Sabuk, Piotr"]
[Black "Wojdak, Jan"]
[Result "1-0"]
[WhiteTitle "IM"]
[BlackTitle "I++"]
[WhiteElo "2393"]
[BlackElo "2185"]

1. Nf3 Nf6 2. c4 g6 3. Nc3 d5 4. cxd5 Nxd5 5. e4 Nxc3 6. dxc3 Qxd1+ 7. Kxd1 f6
8. Be3 e5 9. Nd2 Be6 10. Bc4 Kf7 11. Kc2 Nd7 12. Rhd1 Nb6 13. Bxe6+ Kxe6 14. a4
Nc8 15. Nb3 Nd6 16. Nc5+ Kf7 17. a5 Be7 18. b3 Rac8 19. f3 b6 20. Nd3 Nb5 21.
c4 Nd4+ 22. Bxd4 exd4 23. axb6 axb6 24. Ra7 Bd6 25. g3 Ra8 26. Rda1 Rxa7 27. Rxa7
Ke6 28. b4 Rc8 29. c5 Be7 30. Kb3 b5 31. Nf4+ Ke5 32. Ra6 c6 33. Ra7 Bd8 34. Rxh7
g5 35. Nd3+ Ke6 36. f4 gxf4 37. gxf4 f5 38. Rh6+ Kf7 39. Ne5+ Kg7 40. Rg6+ Kh7
41. exf5 1-0

[Event "Druzynowe Mistrzostwa Polski w Szachach I LIGA 2021"]
[Site "Szklarska Poreba"]
[Date "1899-12-30"]
[Round "2.41"]
[White "Bardeli, Lukasz"]
[Black "Dubinski, Mateusz"]
[Result "1/2-1/2"]
[WhiteTitle "FM"]
[BlackTitle "FM"]
[WhiteElo "2178"]
[BlackElo "2223"]

1. Nf3 Nf6 2. g3 g6 3. b3 Bg7 4. Bb2 d5 5. c4 c6 6. Bg2 O-O 7. O-O Bf5 8. d3 Re8
9. Nbd2 a5 10. a3 Na6 11. cxd5 cxd5 12. Rc1 Nb8 13. Rc2 Nc6 14. Qa1 Bg4 15. h3
Bxf3 16. Nxf3 Qb6 17. Ne5 Qxb3 18. Rfc1 Rac8 19. Nxc6 bxc6 20. Rxc6 Qb7 21. Bxd5
Nxd5 22. Rxc8 Rxc8 23. Rxc8+ Qxc8 24. Bxg7 Qxh3 25. Qd4 Nf6 26. Bxf6 exf6 27.
Qd8+ Kg7 28. Qxa5 Qg4 29. Qa8 Qxe2 30. a4 f5 31. Kg2 Qxd3 32. a5 f4 33. Qf3 Qb5
34. Qc3+ Kf8 35. gxf4 Ke7 36. Qc7+ Ke6 37. Qc8+ Qd7 38. Qa6+ Qd6 39. Qe2+ Kd7
40. a6 Kc7 41. a7 Qd5+ 42. Kg3 Kb7 43. Qe7+ Ka8 44. Qc7 Qb7 45. Qd8+ Kxa7 46.
Qa5+ Kb8 47. Qd8+ Qc8 48. Qb6+ Ka8 49. Qa5+ Kb8 50. Qb6+ Qb7 1/2-1/2

[Event "Druzynowe Mistrzostwa Polski w Szachach I LIGA 2021"]
[Site "Szklarska Poreba"]
[Date "1899-12-30"]
[Round "2.42"]
[White "Toma, Katarzyna"]
[Black "Szelag, Zuzanna"]
[Result "1/2-1/2"]
[WhiteTitle "WGM"]
[BlackTitle "k"]
[WhiteElo "2289"]
[BlackElo "1839"]

1. e4 c5 2. Ne2 d6 3. g3 Nf6 4. Bg2 e6 5. c3 Be7 6. O-O O-O 7. d4 cxd4 8. cxd4
d5 9. e5 Nfd7 10. Nbc3 Nc6 11. Nf4 Qb6 12. Be3 Qxb2 13. Rc1 Re8 14. Qg4 Bf8 15.
Nh5 Kh8 16. Rfd1 a6 17. Qf4 Kg8 18. Bf1 Qa3 19. Bd3 Qe7 20. Qg4 f6 21. exf6 Nxf6
22. Nxf6+ Qxf6 23. Na4 e5 24. Qe2 e4 25. Nb6 exd3 26. Qh5 Bf5 27. Nxd5 Qf7 28.
Qxf7+ Kxf7 29. Nc7 Rad8 30. Nxe8 Kxe8 1/2-1/2

[Event "Druzynowe Mistrzostwa Polski w Szachach I LIGA 2021"]
[Site "Szklarska Poreba"]
[Date "1899-12-30"]
[Round "2.43"]
[White "Tomczak, Mikolaj"]
[Black "Skawinski, Arkadiusz"]
[Result "1/2-1/2"]
[WhiteTitle "IM"]
[BlackTitle "FM"]
[WhiteElo "2435"]
[BlackElo "2359"]

1. d4 d5 2. c4 e6 3. Nf3 c6 4. Qc2 dxc4 5. Qxc4 b5 6. Qb3 Nd7 7. Nc3 Ngf6 8. g3
b4 9. Na4 Ba6 10. Bg2 Qa5 11. Qd1 Rc8 12. b3 c5 13. O-O Be7 14. a3 Qb5 15. dxc5
Bxc5 16. Nxc5 Nxc5 17. Nd4 Qb6 18. axb4 Nce4 19. Be3 Rd8 20. Qc1 Bb7 21. Nf5 Qxb4
22. Nxg7+ Kf8 23. Bh6 Ke7 24. Rxa7 Rd7 25. Qe3 Rc8 26. Bg5 Nxg5 27. Nf5+ Ke8 28.
Rxb7 Rxb7 29. Qxg5 Rbc7 30. Qxf6 exf5 31. Qxf5 Qxb3 32. Bd5 Qc2 33. e4 Qc3 34.
Qxh7 Qf3 35. Qh8+ Ke7 36. Qe5+ Kf8 37. Qd6+ Kg7 38. e5 Qf5 39. e6 fxe6 40. Qxe6
Qxe6 41. Bxe6 Re8 42. Bg4 Rc2 43. Bf5 Ra2 44. Kg2 Kf6 45. Bg4 Rb8 46. Bf3 Rc8
47. Be4 Rd8 48. Kf3 Rdd2 49. h4 Rab2 50. g4 Ke5 51. Bf5 Rb3+ 52. Kg2 Kf4 53. Kg1
Rbb2 54. h5 Kg5 55. Kg2 Rd4 56. Kg3 Rb3+ 57. f3 Rf4 58. Rf2 Ra3 59. Kg2 Rxf5 60.
gxf5 Kxh5 1/2-1/2

[Event "Druzynowe Mistrzostwa Polski w Szachach I LIGA 2021"]
[Site "Szklarska Poreba"]
[Date "1899-12-30"]
[Round "2.44"]
[White "Brodowski, Piotr"]
[Black "Wisniewski, Michal"]
[Result "1/2-1/2"]
[WhiteTitle "IM"]
[BlackTitle "FM"]
[WhiteElo "2439"]
[BlackElo "2152"]

1. c4 Nf6 2. Nc3 e5 3. Nf3 Nc6 4. e4 Bb4 5. d3 d6 6. a3 Bxc3+ 7. bxc3 h6 8. g3
O-O 9. Bg2 Be6 10. h3 Rb8 11. O-O Ne7 12. Be3 b6 13. Nd2 Nd7 14. f4 f5 15. Qe2
fxe4 16. Nxe4 Nf5 17. Bf2 Ne7 18. Rae1 Ng6 19. d4 Bf5 20. fxe5 dxe5 21. h4 exd4
22. cxd4 Nf6 23. Nxf6+ Rxf6 24. d5 Qd7 25. Bd4 Rff8 26. Qb2 Bh3 27. h5 Bxg2 28.
Kxg2 Nh4+ 29. gxh4 Qg4+ 1/2-1/2

[Event "Druzynowe Mistrzostwa Polski w Szachach I LIGA 2021"]
[Site "Szklarska Poreba"]
[Date "1899-12-30"]
[Round "2.45"]
[White "Brozyna, Mateusz"]
[Black "Luch, Michal"]
[Result "1/2-1/2"]
[WhiteTitle "FM"]
[BlackTitle "IM"]
[WhiteElo "2297"]
[BlackElo "2383"]

1. e4 c5 2. Nf3 e6 3. d4 cxd4 4. Nxd4 Nc6 5. Nc3 Qc7 6. Be3 a6 7. Qd2 Nf6 8. O-O-O
Be7 9. f4 d6 10. Kb1 b5 11. Nxc6 Qxc6 12. e5 dxe5 13. fxe5 Nd7 14. Bd3 Qc7 15.
Bf4 Nc5 16. Ne4 Nxe4 17. Bxe4 Bb7 18. Bxb7 Qxb7 19. Bg5 O-O 20. Bxe7 Qxe7 21.
Qf4 Rac8 22. Rd6 Qb7 23. Qf3 Qc7 24. Qd3 a5 25. c3 b4 26. Rc1 Qb7 27. c4 Qxg2
28. c5 a4 29. c6 a3 30. Qc2 Qg5 31. Qe4 Rfe8 32. c7 b3 33. Rdd1 axb2 34. Kxb2
bxa2 35. Kxa2 Qe7 36. Qc4 Ra8+ 37. Kb1 Qa3 38. Kc2 Qe3 39. Ra1 Rac8 40. Qc6 Qxe5
41. Ra7 Qxh2+ 42. Rd2 Qe5 43. Kd1 Qg5 44. Rb7 h5 45. Qd6 Qg4+ 46. Kc1 Qf3 47.
Rb8 Qc3+ 48. Kb1 Kh7 49. Rc2 Qe1+ 50. Kb2 Qa5 51. Qd3+ Qf5 52. Rxc8 Rxc8 53. Qd7
Qe5+ 54. Rc3 Qe2+ 55. Kb3 Qa6 56. Qxf7 Qb5+ 57. Kc2 Qf5+ 58. Qxf5+ exf5 59. Kd3
Kg6 60. Kd4 h4 61. Ke5 Kg5 62. Rc1 h3 63. Rg1+ Kh4 64. Rxg7 h2 65. Kf4 Kh3 66.
Rg3+ Kh4 67. Rg7 Kh3 68. Rg3+ Kh4 69. Rg7 1/2-1/2

[Event "Druzynowe Mistrzostwa Polski w Szachach I LIGA 2021"]
[Site "Szklarska Poreba"]
[Date "1899-12-30"]
[Round "2.46"]
[White "Butkiewicz, Lukasz"]
[Black "Zochowski, Kacper"]
[Result "1/2-1/2"]
[WhiteTitle "IM"]
[BlackTitle "FM"]
[WhiteElo "2378"]
[BlackElo "2233"]

1. d4 d6 2. e4 g6 3. Nc3 Bg7 4. Be3 a6 5. Qd2 Nd7 6. Nf3 b5 7. a3 Bb7 8. d5 c5
9. dxc6 Bxc6 10. Nd4 Bb7 11. f3 Ngf6 12. O-O-O h5 13. h4 Rc8 14. Kb1 Ne5 15. Bd3
Nc4 16. Bxc4 Rxc4 17. Nb3 Qa8 18. Na5 Rc8 19. Nxb7 Qxb7 20. Nd5 Nxd5 21. exd5
Qd7 22. Qe2 Qf5 23. Bd4 Bxd4 24. Rxd4 O-O 25. g4 hxg4 26. fxg4 Qe5 27. Qd3 Rc4
28. Rxc4 bxc4 29. Qxc4 Rb8 30. b3 Rb5 31. Rd1 Qh2 32. h5 Rc5 33. Qd3 gxh5 34.
gxh5 Qxh5 35. c4 a5 36. Qd4 f6 37. Re1 Qf5+ 38. Qe4 Qxe4+ 39. Rxe4 Kf7 40. Kc2
f5 41. Rh4 e6 42. dxe6+ Kxe6 43. Kd3 Ke5 44. Rh8 d5 45. Re8+ Kd6 46. Kd4 dxc4
47. bxc4 Rc7 48. Ra8 Kc6 49. Ra6+ Kb7 50. Rf6 Rd7+ 51. Kc3 Rh7 52. Rxf5 Rh3+ 53.
Kb2 Kb6 54. Rb5+ Ka6 55. a4 Rh2+ 56. Ka3 Rh3+ 57. Rb3 Rh4 58. c5 Rc4 59. Rb6+
Ka7 60. Rb5 Ka6 1/2-1/2

[Event "Druzynowe Mistrzostwa Polski w Szachach I LIGA 2021"]
[Site "Szklarska Poreba"]
[Date "1899-12-30"]
[Round "2.47"]
[White "Hasterok, Mateusz"]
[Black "Bronowicki, Mateusz"]
[Result "1/2-1/2"]
[WhiteTitle "k"]
[BlackTitle "FM"]
[WhiteElo "2088"]
[BlackElo "2197"]

1. d4 e6 2. c4 f5 3. g3 Nf6 4. Bg2 d5 5. Nh3 c6 6. O-O Bd6 7. Bf4 Be7 8. Nd2 Qb6
9. Nf3 Qxb2 10. Qd3 Qa3 11. Qxa3 Bxa3 12. c5 Bb4 13. Ne5 Nbd7 14. Ng5 Nxe5 15.
Bxe5 b6 16. Bd6 Bc3 17. Rad1 h6 18. Nf3 Ba6 19. Rc1 Ne4 20. Rc2 bxc5 21. Bxc5
Ba5 22. Ne5 Bb5 1/2-1/2